banner koha

Cultura da mamoneira (Ricinus communis L.)[Pratica cultural; Tecnologia de alimento; Consumo] (Registro n. 13494)

MARC details
000 -LÍDER
campo de controle de tamanho fixo 01125nam a22003737a 4500
001 - NÚMERO DE CONTROLE
campo de controle BR6600150
003 - IDENTIFICADOR DO NÚMERO DE CONTROLE
campo de controle BR-BrBNA
005 - DATA E HORÁRIO DA ÚLTIMA TRANSAÇÃO
campo de controle 20230928083436.0
007 - CAMPO FIXO DE DESCRIÇÃO FÍSICA--INFORMAÇÃO GERAL
campo de controle de tamanho fixo ta
008 - CAMPO DE DADOS FIXOS--INFORMAÇÃO GERAL
campo de controle de tamanho fixo 230509b bl.||||| |||| 00| 0 por d
040 ## - FONTE DA CATALOGAÇÃO
Instituição da catalogação original BR-BrBNA
Idioma da catalogação por
Instituição que transcreveu o registro Biblioteca Nacional de Agricultura
041 ## - CÓDIGO DE IDIOMA
Código do idioma do texto/trilha sonora ou título diferente (Por)
072 ## - CÓDIGO DE CATEGORIA DE ASSUNTO
Código de Categoria de Assunto F00; Q10; E70
Código do objeto 0331
-- 9590
090 ## - NÚMERO DE CHAMADA LOCAL
-- 0331 BR6600150
100 1# - ENTRADA PRINCIPAL--NOME PESSOAL
Nome pessoal Ribeiro Filho, J.
110 1# - ENTRADA PRINCIPAL--NOME CORPORATIVO
Nome corporativo ou nome da jurisdição Universidade Rural do Estado de Minas Gerais, Vicosa (Brasil). Escola Superior de Agricultura
9 (RLIN) 11286
245 1# - TÍTULO
Título Cultura da mamoneira (Ricinus communis L.)[Pratica cultural; Tecnologia de alimento; Consumo]
260 3# - PUBLICAÇÃO, DISTRIBUIÇÃO, ETC.
Local de publicação, distribuição, etc. Vicosa, MG (Brasil):
Data da publicação, distribuição, etc. 1966.
300 ## - DESCRIÇÃO FÍSICA
Extensão 75 p.
500 ## - NOTA GERAL
Nota geral 25 tables; 38 ref.
650 ## - ASSUNTO--TERMO TÓPICO
Cabeçalho tópico ou nome geográfico Producao vegetal
650 ## - ASSUNTO--TERMO TÓPICO
Cabeçalho tópico ou nome geográfico Tecnologia de alimento
650 ## - ASSUNTO--TERMO TÓPICO
Cabeçalho tópico ou nome geográfico Comercializacao
650 ## - ASSUNTO--TERMO TÓPICO
Cabeçalho tópico ou nome geográfico Mamona
650 ## - ASSUNTO--TERMO TÓPICO
Cabeçalho tópico ou nome geográfico Oleo vegetal
650 ## - ASSUNTO--TERMO TÓPICO
Cabeçalho tópico ou nome geográfico Colheita
650 ## - ASSUNTO--TERMO TÓPICO
Cabeçalho tópico ou nome geográfico Plantio
650 ## - ASSUNTO--TERMO TÓPICO
Cabeçalho tópico ou nome geográfico Pratica cultural
650 ## - ASSUNTO--TERMO TÓPICO
Cabeçalho tópico ou nome geográfico Beneficiamento
650 ## - ASSUNTO--TERMO TÓPICO
Cabeçalho tópico ou nome geográfico Industria alimenticia
650 ## - ASSUNTO--TERMO TÓPICO
Cabeçalho tópico ou nome geográfico Controle de qualidade
909 ## -
-- 202309
-- Lucia
-- 55
-- Lucia Elande
942 ## - ELEMENTOS DE ENTRADA ADICIONADOS (KOHA)
Tipo de material Koha Livros
Exemplares
Situação do descarte Fonte da classificação ou esquema de arquivamento na estante Situação física Não pode ser emprestado Coleção Biblioteca de origem Biblioteca atual Total de empréstimos Número de telefone completo Código de barras Data de último acesso Número do exemplar Tipo de material Koha Situação das perdas Data de aquisição Fonte de aquisição
  Classificação AGRIS       Biblioteca Nacional de Agricultura - Binagri Biblioteca Nacional de Agricultura - Binagri   0331 BR6600150 0331 BR6600150 25/09/2023 01 Livros   2023-09-25 Portaria Interministerial nº 164/94

BINAGRI

Telefone: (61)3218-2567/2388/3357/2097 - binagri@agro.gov.br

Ministério da Agricultura e Pecuária , Esplanada dos Ministérios, Bloco D, Anexo B, Brasília/DF, CEP: 70.043-900